Представление документа в формате MARC21

Поле Инд. ПП Название Значение
Тип записи a
Библиографический уровень b
001 Контрольный номер RU/IS/BASE/142009568
005 Дата корректировки 20200522190655.0
084 a Индекс другой классификации/Индекс ББК 65.59(2Рос)
100 10 a Автор Горностаев Г. А.
q Полное имя Горностаев Геннадий Елексеевич
245 00 a Заглавие Внешние военно-экономические связи России: основные формы, направления и проблемы развития
504 00 a Библиография Примеч. - Лит.: с. 98
520 00 a Аннотация Рассмотрены "формы, направления и структура внешних военно-экономических связей России, показаны проблемы развития российскими оборонными предприятиями международных кооперационных программ создания вооружений".
650 a Основная рубрика внешнеэкономическая деятельность
a Основная рубрика экономика
653 00 a Ключевые слова Великобритания
a Ключевые слова военная экономика
a Ключевые слова военно-промышленная кооперация
a Ключевые слова военно-промышленные центры
a Ключевые слова военно-экономические связи
a Ключевые слова военные предприятия
a Ключевые слова Германия
a Ключевые слова кооперационная модель
a Ключевые слова международная торговля оружием
a Ключевые слова международные военно-экономические связи
a Ключевые слова Организация Североатлантического договора (НАТО)
a Ключевые слова Россия
a Ключевые слова США
a Ключевые слова торговля оружием
a Ключевые слова торгово-посредническая модель
a Ключевые слова Франция
a Ключевые слова экспорт вооружений
773 00 t Заглавие источника Проблемы прогнозирования
d Дата издания источника 2000
g Прочая информация № 4. - С. 91 - 98 : табл.
w Контрольный № источника RU/IS/BASE/142087671
901 t Тип документа b